Painic In Goa; Part-1: (Record no. 44740)

MARC details
000 -LEADER
fixed length control field 01373njm a22002897a 4500
005 - DATE AND TIME OF LATEST TRANSACTION
control field 2010090908228.0
007 - PHYSICAL DESCRIPTION FIXED FIELD--GENERAL INFORMATION
fixed length control field sd ammalaaahaa
008 - FIXED-LENGTH DATA ELEMENTS--GENERAL INFORMATION
fixed length control field 100904t xxu||||| |||| 00| 0 hin d
028 ## - PUBLISHER NUMBER
Publisher number N. 55170
Source His Master's Voice
028 ## - PUBLISHER NUMBER
Publisher number OJE. 24775
Source His Master's Voice
028 ## - PUBLISHER NUMBER
Publisher number OJE. 24776
Source His Master's Voice
035 ## - SYSTEM CONTROL NUMBER
System control number GR-01518
040 ## - CATALOGING SOURCE
Original cataloging agency SED/VEN
100 ## - MAIN ENTRY--PERSONAL NAME
Personal name Khanna, Usha
9 (RLIN) 1184
245 ## - TITLE STATEMENT
Title Painic In Goa; Part-1:
Remainder of title Hindustani /
Statement of responsibility, etc by Usha Khanna; Music Dtn.by Robin Bannerjee; Lyric by Yogesh
Medium [Sound Recording] :
246 ## - VARYING FORM OF TITLE
Title proper/short title पैनिक इन गोवा (उषा खन्ना)
260 ## - PUBLICATION, DISTRIBUTION, ETC. (IMPRINT)
Place of publication, distribution, etc Dum Dum, India :
Name of publisher, distributor, etc His Master's Voice
300 ## - PHYSICAL DESCRIPTION
Extent 1 sound disc [Gramophone Recording] :
Other physical details analog, 33 1/3 rpm ;
Dimensions 10 in.
Type of unit Gramophone Records
500 ## - GENERAL NOTE
General note Brief Records
505 ## - FORMATTED CONTENTS NOTE
Formatted contents note Song Side-1; ये समां खुश नुमा (पैनिक इन गोवा) (उषा खन्ना), Song Side-2; किस्मत वाले वह है जहाँ में (महेंद्र कपूर और कृष्ण कल्ले) Part 2
650 ## - SUBJECT ADDED ENTRY--TOPICAL TERM
Topical term or geographic name as entry element Classical Music
General subdivision Excerpts
Geographic subdivision India
9 (RLIN) 18309
700 ## - ADDED ENTRY--PERSONAL NAME
9 (RLIN) 18319
Personal name Kapoor, Mahendra
700 ## - ADDED ENTRY--PERSONAL NAME
9 (RLIN) 18320
Personal name Kalle, Krishna
700 ## - ADDED ENTRY--PERSONAL NAME
9 (RLIN) 19056
942 ## - ADDED ENTRY ELEMENTS (KOHA)
Source of classification or shelving scheme Dewey Decimal Classification
Item type Gramaphone Records
Holdings
Withdrawn status Lost status Source of classification or shelving scheme Damaged status Not for loan Collection code Home library Current library Shelving location Date acquired Source of acquisition Total Checkouts Barcode Date last seen Copy number Price effective from Koha item type
    Dewey Decimal Classification   Not For Loan Non-fiction Central Library Central Library Audio Visual 09/09/2010 SED/VEN   GR-01518 09/09/2010 1 09/09/2010 Gramaphone Records

© Delhi Public Library
Hit Counter
free hit counter